[Event "BL 1617 SV Hockenheim - DJK Aachen"]
[Site "?"]
[Date "2016.11.20"]
[Round "4.2"]
[White "Saric, Ivan"]
[Black "Donchenko, Alexander"]
[Result "1-0"]
[WhiteElo "2641"]
[BlackElo "2563"]
[PlyCount "149"]
[EventDate "2016.??.??"]

1. e4 c6 2. d4 d5 3. Nc3 dxe4 4. Nxe4 Bf5 5. Ng3 Bg6 6. h4 h6 7. Nf3 Nd7 8. h5
Bh7 9. Bd3 Bxd3 10. Qxd3 e6 11. Bd2 Ngf6 12. O-O-O Be7 13. Kb1 O-O 14. Ne4 Nxe4
15. Qxe4 Nf6 16. Qe2 Qd5 17. Be3 Qb5 18. Rd3 Bd6 19. Nd2 a5 20. g4 Ba3 21. b3
a4 22. c4 Qa6 23. g5 axb3 24. Rxb3 hxg5 25. h6 Be7 26. a3 Qa5 27. hxg7 Qf5+ 28.
Kb2 Rfd8 29. Nf3 g4 30. Ne5 Bd6 31. Qc2 Qxc2+ 32. Kxc2 Kxg7 33. Bh6+ Kg8 34.
Bg5 Bxe5 35. dxe5 Ne4 36. Bxd8 Rxd8 37. Rg1 f5 38. exf6 g3 39. f3 Nc5 40. Rxg3+
Kf7 41. Rb1 Kxf6 42. Rh1 Ra8 43. Rh6+ Ke7 44. f4 Ra4 45. f5 Rxc4+ 46. Kb1 Rf4
47. Rg7+ Kd6 48. fxe6 Nxe6 49. Rxb7 Re4 50. Ka2 Kc5 51. Rh2 Nd4 52. a4 Kc4 53.
Rhb2 Kc3 54. Rb1 Re5 55. Rc1+ Kd2 56. Kb1 Ra5 57. Rb4 c5 58. Rbc4 Kd3 59. Kb2
Ne2 60. R1c2 Ra8 61. Ka3 Nd4 62. R2c3+ Kd2 63. Rh3 Nc2+ 64. Ka2 Ne3 65. Re4 Nc2
66. Rf4 Ne3 67. Ka3 Nc2+ 68. Kb2 Ne3 69. Rf2+ Ke1 70. Rf7 Nc4+ 71. Kb3 Nd2+ 72.
Kc2 Nc4 73. Rh4 Nd6 74. Rf6 Rd8 75. Rhf4 1-0

[Event "BL 1617 SV Hockenheim - DJK Aachen"]
[Site "?"]
[Date "2016.11.20"]
[Round "4.3"]
[White "Nijboer, Friso"]
[Black "Balogh, Csaba"]
[Result "0-1"]
[WhiteElo "2550"]
[BlackElo "2621"]
[PlyCount "62"]
[EventDate "2016.??.??"]

1. e4 e5 2. Nf3 Nc6 3. Bc4 Bc5 4. c3 Nf6 5. d3 d6 6. a4 a5 7. O-O h6 8. Be3
Bxe3 9. fxe3 O-O 10. Nbd2 Be6 11. Qe2 Bxc4 12. Nxc4 Re8 13. g3 g6 14. Rf2 Qe7
15. Raf1 Nh7 16. h4 Qe6 17. Nh2 Rf8 18. d4 Qh3 19. Qf3 h5 20. Rg2 Kg7 21. Qd1
Nf6 22. Nd2 Rae8 23. d5 Ne7 24. b4 Ra8 25. Qb3 Qd7 26. Ra1 b5 27. axb5 Qxb5 28.
Rf1 Qd3 29. Rgf2 Nxe4 30. Nxe4 Qxe4 31. Nf3 Nf5 0-1

[Event "BL 1617 SV Hockenheim - DJK Aachen"]
[Site "?"]
[Date "2016.11.20"]
[Round "4.4"]
[White "Wagner, Dennis"]
[Black "Dambacher, Martijn"]
[Result "1/2-1/2"]
[WhiteElo "2547"]
[BlackElo "2479"]
[PlyCount "81"]
[EventDate "2016.??.??"]

1. Nf3 f5 2. g3 Nf6 3. Bg2 e6 4. O-O d5 5. d3 Be7 6. c4 O-O 7. cxd5 exd5 8. Nc3
c6 9. e3 a5 10. Bd2 Na6 11. Ne2 Nc5 12. Qc2 Bd6 13. b3 Qe7 14. Bc3 Bd7 15. Ned4
Ng4 16. Rfe1 Ne4 17. dxe4 fxe4 18. h3 exf3 19. Nxf3 Bf5 20. Qe2 Nf6 21. Nd2 Ne4
22. Nxe4 Bxe4 23. Qg4 Bf5 24. Qd4 Bc5 25. Qd2 Qe6 26. Bxg7 Kxg7 27. Qc3+ Rf6
28. Qxc5 Bxh3 29. Bxh3 Qxh3 30. Qe7+ Rf7 31. Qg5+ Kh8 32. e4 Raf8 33. Qe5+ Kg8
34. exd5 Rxf2 35. Qe6+ Qxe6 36. dxe6 R2f6 37. Rad1 Re8 38. Rd6 Kg7 39. Kg2 Kg6
40. Re5 Re7 41. Rxa5 1/2-1/2

[Event "BL 1617 SV Hockenheim - DJK Aachen"]
[Site "?"]
[Date "2016.11.20"]
[Round "4.5"]
[White "Burg, Twan"]
[Black "Moiseenko, Alexander"]
[Result "1/2-1/2"]
[WhiteElo "2500"]
[BlackElo "2650"]
[PlyCount "50"]
[EventDate "2016.??.??"]

1. e4 c5 2. Nf3 Nc6 3. Bb5 g6 4. Bxc6 bxc6 5. O-O Bg7 6. Re1 Nh6 7. c3 O-O 8.
h3 c4 9. Qa4 Rb8 10. Qxc4 d5 11. exd5 cxd5 12. Qc5 Nf5 13. d4 a6 14. Nbd2 f6
15. c4 Bb7 16. b3 Rf7 17. Qb4 dxc4 18. Qxc4 Rc8 19. Qd3 e5 20. Bb2 Rd7 21. Rad1
Nxd4 22. Nxd4 exd4 23. Nc4 f5 24. Qg3 Rd5 25. Bc1 Bf6 1/2-1/2

[Event "BL 1617 SV Hockenheim - DJK Aachen"]
[Site "?"]
[Date "2016.11.20"]
[Round "4.6"]
[White "Banusz, Tamas"]
[Black "Zaragatski, Ilja"]
[Result "1/2-1/2"]
[WhiteElo "2616"]
[BlackElo "2502"]
[PlyCount "92"]
[EventDate "2016.??.??"]

1. Nf3 c5 2. c4 Nf6 3. Nc3 e6 4. g3 b6 5. Bg2 Bb7 6. O-O d6 7. d4 cxd4 8. Qxd4
a6 9. Bg5 Nbd7 10. Rfd1 Be7 11. Qd2 Rc8 12. b3 O-O 13. Bf4 Ne8 14. Rac1 Rc5 15.
Ne1 Bxg2 16. Kxg2 Rc6 17. f3 Qc8 18. Nd3 Qb7 19. e4 Rc8 20. Qe2 Nef6 21. Rc2
Rfd8 22. Rcd2 Ne8 23. Rc2 Bf6 24. Nb2 Ne5 25. Rcc1 Rc6 26. Nd3 Nxd3 27. Qxd3
Rdc8 28. Bd2 Be7 29. a4 Nf6 30. Na2 Nd7 31. Nb4 R6c7 32. Bf4 Nc5 33. Qb1 Rd7
34. Rc2 g5 35. Be3 g4 36. Re2 gxf3+ 37. Kxf3 f5 38. Bxc5 bxc5 39. Na2 Rb8 40.
Nc1 Bg5 41. Kg2 Rf8 42. Qd3 Rdf7 43. Qf3 fxe4 44. Qxe4 Rf2+ 45. Kh3 Qxe4 46.
Rxe4 Bxc1 1/2-1/2

[Event "BL 1617 SV Hockenheim - DJK Aachen"]
[Site "?"]
[Date "2016.11.20"]
[Round "4.7"]
[White "Braun, Christian"]
[Black "Baramidze, David"]
[Result "0-1"]
[WhiteElo "2377"]
[BlackElo "2601"]
[PlyCount "146"]
[EventDate "2016.??.??"]

1. e4 e5 2. Nf3 Nc6 3. Bb5 a6 4. Ba4 Nf6 5. O-O Be7 6. Re1 b5 7. Bb3 d6 8. c3
O-O 9. h3 Nb8 10. d4 Nbd7 11. Nbd2 Bb7 12. Bc2 Re8 13. Nf1 Bf8 14. Ng3 g6 15.
a4 c5 16. d5 c4 17. Bg5 h6 18. Be3 Nc5 19. Qd2 h5 20. Bxc5 dxc5 21. Reb1 Rb8
22. axb5 axb5 23. b3 cxb3 24. Rxb3 Bc8 25. c4 b4 26. Rb2 Bd7 27. Qg5 Bg7 28.
Qe3 Ra8 29. Rba2 Rxa2 30. Rxa2 Qc7 31. Nf1 Rc8 32. N1d2 Ne8 33. Ba4 Nd6 34.
Bxd7 Qxd7 35. Ra5 Qc7 36. Ra6 Qe7 37. Rc6 Rxc6 38. dxc6 Nc8 39. Nb3 Bf8 40. Qd3
Qd6 41. Qxd6 Bxd6 42. Ne1 Kf8 43. Nd3 Ke7 44. Nbxc5 Bxc5 45. Nxc5 Kd6 46. Nd3
b3 47. Kf1 Kxc6 48. Ke2 Nd6 49. Nxe5+ Kc5 50. Kd3 b2 51. Kc2 Nxc4 52. Nf3 f6
53. h4 Kd6 54. Kb1 Kc5 55. Kc2 Kd6 56. Kb1 Kc6 57. Nd4+ Kc5 58. Ne2 Kb4 59. Kc2
g5 60. e5 Nxe5 61. hxg5 fxg5 62. Kxb2 Nd3+ 63. Kb1 h4 64. Nd4 g4 65. Nf5 h3 66.
gxh3 gxh3 67. f3 h2 68. Ng3 Kc3 69. f4 Nxf4 70. Kc1 Kd3 71. Kd1 Nh5 72. Nh1 Ke3
73. Ke1 Kf3 0-1

[Event "BL 1617 SV Hockenheim - DJK Aachen"]
[Site "?"]
[Date "2016.11.20"]
[Round "4.8"]
[White "Braun, Arik"]
[Black "van Foreest, Lucas"]
[Result "1-0"]
[WhiteElo "2579"]
[BlackElo "2384"]
[PlyCount "43"]
[EventDate "2016.??.??"]

1. d4 h6 2. c4 e6 3. Nc3 d5 4. Nf3 Nf6 5. g3 Be7 6. Bg2 O-O 7. O-O c6 8. b3
Nbd7 9. Qc2 b6 10. e4 dxe4 11. Nxe4 Bb7 12. Rd1 Qc8 13. Nc3 Bd6 14. Bb2 Qc7 15.
a3 e5 16. b4 exd4 17. Nxd4 Be5 18. Nf5 Rad8 19. f4 Bxc3 20. Qxc3 c5 21. Nxg7
Bxg2 22. Nh5 1-0

[Event "BL 1617 SV Griesheim - SG Trier"]
[Site "?"]
[Date "2016.11.20"]
[Round "4.2"]
[White "Grabarczyk, Miroslaw"]
[Black "Gledura, Benjamin"]
[Result "1/2-1/2"]
[WhiteElo "2438"]
[BlackElo "2589"]
[PlyCount "82"]
[EventDate "2016.??.??"]

1. d4 Nf6 2. c4 g6 3. Nf3 Bg7 4. g3 O-O 5. Bg2 c5 6. O-O cxd4 7. Nxd4 Nc6 8.
Nc3 Qa5 9. Nb3 Qh5 10. e4 d6 11. Qxh5 Nxh5 12. c5 dxc5 13. Nxc5 Rb8 14. Be3 b6
15. Nb3 Nb4 16. Bg5 Re8 17. Rfd1 Be6 18. Rd2 Rbc8 19. Rb1 h6 20. Be3 Nxa2 21.
Nd5 Nb4 22. Nxb4 Bxb3 23. e5 Bxe5 24. Nc6 Bf6 25. Nxa7 Rcd8 26. Rxd8 Rxd8 27.
Bxb6 Rd2 28. Be3 Rxb2 29. Rxb2 Bxb2 30. Bxh6 e5 31. Nc6 f5 32. Ne7+ Kf7 33.
Bd5+ Bxd5 34. Nxd5 Ke6 35. Ne3 Bd4 36. Kg2 Bxe3 37. Bxe3 Kd5 38. Kf3 Ng7 39.
Ba7 Ne6 40. Ke3 g5 41. h3 g4 1/2-1/2

[Event "BL 1617 SV Griesheim - SG Trier"]
[Site "?"]
[Date "2016.11.20"]
[Round "4.3"]
[White "Bobras, Piotr"]
[Black "Tazbir, Marcin"]
[Result "1/2-1/2"]
[WhiteElo "2523"]
[BlackElo "2523"]
[PlyCount "46"]
[EventDate "2016.??.??"]

1. e4 e5 2. Nf3 Nc6 3. Bb5 Nf6 4. O-O Nxe4 5. Re1 Nd6 6. Nxe5 Nxe5 7. Rxe5+ Be7
8. Bf1 O-O 9. d4 Bf6 10. Re1 Re8 11. Bf4 Rxe1 12. Qxe1 Ne8 13. c3 d5 14. Bd3 g6
15. Nd2 Ng7 16. Qe2 c6 17. Re1 Bf5 18. Bxf5 Nxf5 19. Nb3 b6 20. Nc1 Qd7 21. Nd3
Ng7 22. Be5 Re8 23. Qf3 Bd8 1/2-1/2

[Event "BL 1617 SV Griesheim - SG Trier"]
[Site "?"]
[Date "2016.11.20"]
[Round "4.4"]
[White "Jarmula, Lukasz"]
[Black "Graf, Felix"]
[Result "1-0"]
[WhiteElo "2467"]
[BlackElo "2474"]
[PlyCount "49"]
[EventDate "2016.??.??"]

1. e4 e6 2. d4 d5 3. Nd2 Nf6 4. e5 Nfd7 5. Bd3 c5 6. c3 b5 7. Bxb5 Qb6 8. Qa4
cxd4 9. cxd4 a6 10. Bd3 Nc6 11. Ne2 Nb4 12. Bb1 a5 13. a3 Nc6 14. Bd3 Ba6 15.
Bxa6 Qxa6 16. O-O Ncxe5 17. dxe5 Qxe2 18. Nf3 Bc5 19. b4 Ba7 20. Bd2 Ke7 21.
Qc6 Nxe5 22. Bg5+ f6 23. Nxe5 Qxe5 24. Qb7+ Kd6 25. Rac1 1-0

[Event "BL 1617 SV Griesheim - SG Trier"]
[Site "?"]
[Date "2016.11.20"]
[Round "4.5"]
[White "Haslinger, Stewart G"]
[Black "Walter, Stefan"]
[Result "1/2-1/2"]
[WhiteElo "2521"]
[BlackElo "2406"]
[PlyCount "73"]
[EventDate "2016.??.??"]

1. e4 e5 2. Nf3 Nc6 3. Bc4 Nf6 4. d3 Be7 5. O-O O-O 6. Re1 d6 7. a4 h6 8. a5 a6
9. h3 Nh7 10. Nc3 Ng5 11. Bxg5 Bxg5 12. Nd5 Bf6 13. c3 g6 14. d4 Bg7 15. dxe5
Nxe5 16. Nxe5 Bxe5 17. f4 Bg7 18. Qf3 Be6 19. Kh1 Kh7 20. Rf1 Bxd5 21. Bxd5 c6
22. Bb3 Qc7 23. f5 Rae8 24. f6 Bh8 25. Rad1 Re5 26. Rd4 Rxa5 27. Rfd1 Rd8 28.
Qf4 g5 29. Qf3 Rb5 30. Bc4 Re5 31. Qh5 Bxf6 32. Bxf7 Bg7 33. Qg6+ Kh8 34. Be6
Qe7 35. Bf5 Bf8 36. c4 Qg7 37. Qh5 1/2-1/2

[Event "BL 1617 SV Griesheim - SG Trier"]
[Site "?"]
[Date "2016.11.20"]
[Round "4.6"]
[White "Grimm, Julius"]
[Black "Cyborowski, Lukasz"]
[Result "0-1"]
[WhiteElo "2288"]
[BlackElo "2524"]
[PlyCount "76"]
[EventDate "2016.??.??"]

1. d4 d5 2. c4 e6 3. Nc3 Bb4 4. a3 Bxc3+ 5. bxc3 dxc4 6. e4 b5 7. a4 c6 8. Nf3
Ne7 9. Be2 Nd7 10. O-O Nb6 11. Qc2 O-O 12. e5 h6 13. Nd2 Ned5 14. axb5 cxb5 15.
Ne4 a5 16. Bd2 Bb7 17. Nd6 Bc6 18. f4 f5 19. g4 Nc8 20. Nxc8 Rxc8 21. gxf5 Rxf5
22. Bg4 Ne7 23. Be1 Qd5 24. Bf3 Qd7 25. Bg4 Rcf8 26. Bg3 a4 27. Qd2 R5f7 28.
Bh5 Nf5 29. Qe1 Ra8 30. Ra2 Rff8 31. h3 b4 32. cxb4 Qxd4+ 33. Kh2 c3 34. Ra3 c2
35. Rc3 Nxg3 36. Qxg3 Qd2+ 37. Kg1 Rac8 38. Bg6 Bd5 0-1

[Event "BL 1617 SV Griesheim - SG Trier"]
[Site "?"]
[Date "2016.11.20"]
[Round "4.7"]
[White "Jaracz, Pawel"]
[Black "Koehler, Ronald"]
[Result "1-0"]
[WhiteElo "2471"]
[BlackElo "2282"]
[PlyCount "83"]
[EventDate "2016.??.??"]

1. e4 c5 2. Nf3 Nc6 3. d4 cxd4 4. Nxd4 Nf6 5. Nc3 e5 6. Ndb5 d6 7. Bg5 a6 8.
Na3 b5 9. Nd5 Be7 10. Bxf6 Bxf6 11. c4 Bg5 12. cxb5 Nd4 13. Nc2 Bg4 14. Qd3
Nxb5 15. Be2 Be6 16. O-O O-O 17. a4 Nc7 18. Nce3 Nxd5 19. Nxd5 Bxd5 20. Qxd5
Qb6 21. b3 a5 22. Rad1 Be7 23. Bc4 Rac8 24. g3 Qc5 25. Qd2 g6 26. Qe2 Kg7 27.
Rd5 Qa7 28. Kg2 Rc5 29. Rfd1 Rfc8 30. h4 h5 31. Rxc5 Qxc5 32. Rd5 Qa7 33. Qf3
Qc7 34. Rb5 f6 35. Qd3 Qc6 36. Rxa5 Bd8 37. Ra6 Qc5 38. Rxd6 Bb6 39. Rd7+ Kh6
40. Qd2+ g5 41. hxg5+ fxg5 42. Qd6+ 1-0

[Event "BL 1617 SV Griesheim - SG Trier"]
[Site "?"]
[Date "2016.11.20"]
[Round "4.8"]
[White "Spitzl, Vinzent"]
[Black "Seger, Ruediger"]
[Result "1/2-1/2"]
[WhiteElo "2144"]
[BlackElo "2363"]
[PlyCount "41"]
[EventDate "2016.??.??"]

1. e4 c6 2. d4 d5 3. Nd2 dxe4 4. Nxe4 Bf5 5. Ng3 Bg6 6. Nh3 e6 7. Nf4 Bd6 8.
Ngh5 Bxh5 9. Nxh5 g6 10. Ng3 Nf6 11. Be2 Nbd7 12. c4 Qa5+ 13. Bd2 Bb4 14. a3
Bxd2+ 15. Qxd2 Qxd2+ 16. Kxd2 h5 17. Bf3 O-O-O 18. Kc3 e5 19. Rad1 Rhe8 20. d5
cxd5 21. Bxd5 1/2-1/2

[Event "BL 1617 MSA Zugzwang - SK König Tegel"]
[Site "?"]
[Date "2016.11.20"]
[Round "4.1"]
[White "Stern, Rene"]
[Black "Bromberger, Stefan"]
[Result "0-1"]
[WhiteElo "2521"]
[BlackElo "2535"]
[PlyCount "86"]
[EventDate "2016.??.??"]

1. Nf3 Nf6 2. c4 g6 3. Nc3 Bg7 4. e4 d6 5. d4 O-O 6. Be2 e5 7. O-O Nc6 8. dxe5
dxe5 9. Bg5 Qe8 10. Nd5 Nxd5 11. exd5 Ne7 12. Re1 h6 13. Bd2 e4 14. Bb4 Bxb2
15. Rb1 Bg7 16. Bf1 f5 17. Nd4 Bd7 18. f3 Qf7 19. Nb3 b6 20. fxe4 fxe4 21. Rxe4
Rfe8 22. Bd3 Nf5 23. Qf3 a5 24. Bd2 a4 25. Na1 Rxe4 26. Bxe4 Re8 27. Nc2 Nd6
28. Qxf7+ Kxf7 29. Rf1+ Bf5 30. Bxf5 gxf5 31. Bf4 Re4 32. Bxd6 cxd6 33. Rxf5+
Kg6 34. Rf3 Rxc4 35. Ne3 Rc1+ 36. Kf2 Ra1 37. Rg3+ Kh7 38. Nf5 Rxa2+ 39. Kf1
Be5 40. Rh3 Kg6 41. Ne7+ Kg5 42. Nc6 Rd2 43. Rf3 Bxh2 0-1

[Event "BL 1617 MSA Zugzwang - SK König Tegel"]
[Site "?"]
[Date "2016.11.20"]
[Round "4.2"]
[White "Mons, Leon"]
[Black "Rabiega, Robert"]
[Result "1/2-1/2"]
[WhiteElo "2461"]
[BlackElo "2498"]
[PlyCount "42"]
[EventDate "2016.??.??"]

1. d4 d5 2. c4 e6 3. Nc3 Nf6 4. cxd5 Nxd5 5. e4 Nxc3 6. bxc3 c5 7. Rb1 Nc6 8.
Bb5 cxd4 9. cxd4 Bd7 10. d5 exd5 11. exd5 Nb4 12. Bxd7+ Qxd7 13. Nf3 Be7 14.
O-O O-O 15. Bg5 f6 16. d6 Qxd6 17. Bd2 a5 18. a3 Nc6 19. Rxb7 Qd5 20. Qb3 Qxb3
21. Rxb3 Rfd8 1/2-1/2

[Event "BL 1617 MSA Zugzwang - SK König Tegel"]
[Site "?"]
[Date "2016.11.20"]
[Round "4.3"]
[White "Richter, Michael"]
[Black "Hertneck, Gerald"]
[Result "1/2-1/2"]
[WhiteElo "2505"]
[BlackElo "2478"]
[PlyCount "124"]
[EventDate "2016.??.??"]

1. d4 Nf6 2. Nf3 e6 3. e3 c5 4. Bd3 Nc6 5. O-O d5 6. c3 Bd6 7. Nbd2 O-O 8. dxc5
Bxc5 9. b4 Bd6 10. Bb2 e5 11. e4 Bg4 12. Re1 Re8 13. h3 Bh5 14. exd5 Nxd5 15.
Qc2 Nf6 16. b5 Na5 17. c4 Qc7 18. Rac1 Rac8 19. Bf5 Bg6 20. Bxg6 hxg6 21. Qc3
Nd7 22. Ne4 Bf8 23. c5 f5 24. Nd6 Bxd6 25. cxd6 Qxc3 26. Rxc3 Rxc3 27. Bxc3 Nc4
28. Nxe5 Ndxe5 29. d7 Rd8 30. Bxe5 Nxe5 31. Rxe5 Rxd7 32. Kf1 Rd1+ 33. Ke2 Ra1
34. Re7 Rxa2+ 35. Kf3 b6 36. h4 Ra3+ 37. Kf4 Ra4+ 38. Kg3 Rg4+ 39. Kh3 Rb4 40.
Rxa7 Rxb5 41. f4 Rb3+ 42. Kh2 b5 43. Ra8+ Kh7 44. Rb8 b4 45. Kg1 Rb1+ 46. Kh2
b3 47. Kh3 b2 48. Kg3 g5 49. hxg5 g6 50. Rb7+ Kh8 51. Rb8+ Kg7 52. Rb7+ Kf8 53.
Rb8+ Ke7 54. Rb7+ Kd6 55. Rb8 Kc5 56. Rc8+ Kd4 57. Rd8+ Ke3 58. Re8+ Kd3 59.
Rd8+ Ke2 60. Re8+ Kf1 61. Rb8 Kg1 62. Rb7 Kf1 1/2-1/2

[Event "BL 1617 MSA Zugzwang - SK König Tegel"]
[Site "?"]
[Date "2016.11.20"]
[Round "4.4"]
[White "Schramm, Christian"]
[Black "Moreno Tejera, Emilio"]
[Result "1/2-1/2"]
[WhiteElo "2390"]
[BlackElo "2437"]
[PlyCount "44"]
[EventDate "2016.??.??"]

1. e4 c5 2. Nf3 d6 3. Bb5+ Nc6 4. O-O Bd7 5. Re1 a6 6. Bf1 Nf6 7. c3 Bg4 8. d3
g6 9. Nbd2 Bg7 10. h3 Bc8 11. d4 cxd4 12. cxd4 O-O 13. b3 d5 14. e5 Ne8 15. Nb1
Nc7 16. Nc3 f6 17. exf6 exf6 18. Be3 Kh8 19. Qd2 g5 20. h4 h6 21. Rad1 Bg4 22.
Be2 Bf5 1/2-1/2

[Event "BL 1617 MSA Zugzwang - SK König Tegel"]
[Site "?"]
[Date "2016.11.20"]
[Round "4.5"]
[White "Muse, Mladen"]
[Black "Zysk, Robert"]
[Result "1/2-1/2"]
[WhiteElo "2387"]
[BlackElo "2385"]
[PlyCount "41"]
[EventDate "2016.??.??"]

1. Nf3 g6 2. d4 Bg7 3. e4 d6 4. Bc4 e6 5. Bb3 Ne7 6. O-O h6 7. Re1 Nd7 8. c3 b6
9. Nbd2 Bb7 10. Nf1 O-O 11. Ng3 c5 12. a4 cxd4 13. cxd4 Rc8 14. Bd2 Re8 15. Bc3
d5 16. e5 a5 17. Bc2 Ba6 18. h4 Nf5 19. Nxf5 gxf5 20. Bd3 Bxd3 21. Qxd3 1/2-1/2

[Event "BL 1617 MSA Zugzwang - SK König Tegel"]
[Site "?"]
[Date "2016.11.20"]
[Round "4.6"]
[White "Dr. Hoffmeyer, Falk"]
[Black "Bruedigam, Martin"]
[Result "1/2-1/2"]
[WhiteElo "2354"]
[BlackElo "2408"]
[PlyCount "86"]
[EventDate "2016.??.??"]

1. d4 Nf6 2. Bg5 e6 3. e3 c5 4. c3 cxd4 5. exd4 Be7 6. Bd3 d6 7. Nf3 Nbd7 8.
O-O Nf8 9. Nbd2 Ng6 10. Bxf6 Bxf6 11. Ne4 Be7 12. Re1 O-O 13. Qd2 Bd7 14. Neg5
Bc6 15. Bxg6 hxg6 16. Qf4 Bxf3 17. Nxf3 Qa5 18. Qe4 Rab8 19. Re3 Qf5 20. Ne1
Qxe4 21. Rxe4 d5 22. Re3 b5 23. a3 a5 24. Nd3 Rfc8 25. g3 Rb7 26. h4 Bd6 27.
Kg2 Kf8 28. Nc1 Ke7 29. Ne2 Ra7 30. Kf3 Rca8 31. Nf4 Bxf4 32. Kxf4 Kd6 33. Re2
b4 34. axb4 axb4 35. Rxa7 Rxa7 36. Ke3 bxc3 37. bxc3 f6 38. Rb2 Rc7 39. Kd3 Ke7
40. Rb6 Kf7 41. Rd6 Ke7 42. Ra6 Kd7 43. Rb6 Ke7 1/2-1/2

[Event "BL 1617 MSA Zugzwang - SK König Tegel"]
[Site "?"]
[Date "2016.11.20"]
[Round "4.7"]
[White "Fruebing, Stefan"]
[Black "Eichler, Christoph"]
[Result "1-0"]
[WhiteElo "2381"]
[BlackElo "2325"]
[PlyCount "143"]
[EventDate "2016.??.??"]

1. e4 e5 2. Nf3 Nc6 3. Bc4 Nf6 4. d3 Be7 5. O-O O-O 6. Re1 d6 7. c3 Na5 8. Bb5
a6 9. Ba4 c5 10. Nbd2 Bd7 11. Bc2 Re8 12. Nf1 Bf8 13. Bg5 h6 14. Bh4 Rc8 15.
Ne3 Be7 16. h3 Nc6 17. a3 Be6 18. d4 cxd4 19. cxd4 Nxd4 20. Nxd4 exd4 21. Qxd4
Qa5 22. Bg3 Nd7 23. b4 Qb6 24. Qxb6 Nxb6 25. Rad1 Rc3 26. Bxd6 Bxd6 27. Rxd6
Nc4 28. Rd3 Rxd3 29. Bxd3 Nxa3 30. Ra1 Nb5 31. Bxb5 axb5 32. Ra7 Re7 33. f3 Rd7
34. Ra5 Bc4 35. Ra8+ Kh7 36. Rc8 Rd4 37. Rc5 b6 38. Rc6 Be6 39. Nc2 Rc4 40.
Rxc4 bxc4 41. Na3 c3 42. Kf2 Bc4 43. h4 g5 44. hxg5 hxg5 45. Ke3 Bf1 46. g3 Kg6
47. Nc2 Kf6 48. Kd4 Bg2 49. f4 gxf4 50. gxf4 Bh1 51. Ne3 Ke6 52. f5+ Kd7 53. e5
f6 54. exf6 Ke8 55. Kxc3 Kf7 56. Kc4 Bc6 57. Ng4 Ba4 58. Kd4 Bd1 59. Ne3 Bb3
60. Ke5 Ba2 61. Nd5 b5 62. Nc3 Bc4 63. Ne4 Bf1 64. Nd6+ Kf8 65. Ke6 Bd3 66. Kd7
Bf1 67. Kc6 Bd3 68. Nxb5 Kf7 69. Nd4 Kxf6 70. b5 Ke5 71. b6 Kxd4 72. f6 1-0

[Event "BL 1617 MSA Zugzwang - SK König Tegel"]
[Site "?"]
[Date "2016.11.20"]
[Round "4.8"]
[White "Lammers, Markus"]
[Black "Muse, Drazen"]
[Result "1/2-1/2"]
[WhiteElo "2318"]
[BlackElo "2358"]
[PlyCount "143"]
[EventDate "2016.??.??"]

1. e4 g6 2. d4 Bg7 3. Nc3 a6 4. a4 d6 5. h3 Nf6 6. g4 c5 7. Nge2 cxd4 8. Nxd4
Nc6 9. Nde2 O-O 10. Bg2 Rb8 11. f4 Bd7 12. Ng3 b5 13. axb5 axb5 14. g5 Ne8 15.
O-O Nc7 16. Be3 b4 17. Na4 Nb5 18. Qd2 Nbd4 19. Qf2 b3 20. cxb3 Rxb3 21. Nc3
Nb5 22. Qc2 Ncd4 23. Qd2 Rxc3 24. bxc3 Nb3 25. Qd3 Nxa1 26. Rxa1 Nxc3 27. Bd4
Bxd4+ 28. Qxd4 Nb5 29. Qe3 Qc7 30. Bf1 Qc3 31. Qxc3 Nxc3 32. Ra7 Rd8 33. Kf2
Kf8 34. f5 d5 35. fxg6 hxg6 36. exd5 Nxd5 37. h4 Bg4 38. Ra4 Be6 39. h5 gxh5
40. Nxh5 Nc3 41. Ra5 Ne4+ 42. Ke3 Nd2 43. Bd3 Nb3 44. Ra7 Nc5 45. Bc2 Bg4 46.
Nf4 Rd7 47. Rxd7 Nxd7 48. Nd3 Bf5 49. Nc5 Nxc5 50. Bxf5 Kg7 51. Kf4 Nb7 52. Be4
Nd8 53. Bd5 Kf8 54. Ke5 Kg7 55. Kf4 Kg6 56. Kg4 Kh7 57. Kf4 Kg7 58. Ke5 Kg6 59.
Kf4 Kh5 60. Bf3+ Kh4 61. Bd5 Kh5 62. Bf3+ Kg6 63. Be4+ Kg7 64. Bd5 Kh7 65. Ke5
Kg7 66. Kf4 Kf8 67. Ke5 Ke8 68. Kf4 Kd7 69. Ke5 Kc7 70. Bxf7 Nxf7+ 71. Ke6
Nxg5+ 72. Kxe7 1/2-1/2

[Event "BL 1617 Bayern München - Schachfr. Ber"]
[Site "?"]
[Date "2016.11.20"]
[Round "4.1"]
[White "Melkumyan, Hrant"]
[Black "Bischoff, Klaus"]
[Result "1/2-1/2"]
[WhiteElo "2631"]
[BlackElo "2504"]
[PlyCount "49"]
[EventDate "2016.??.??"]

1. c4 b6 2. d4 e6 3. Nf3 Bb7 4. g3 Bb4+ 5. Bd2 Bxf3 6. exf3 Bxd2+ 7. Qxd2 c6 8.
Nc3 d5 9. cxd5 cxd5 10. Bb5+ Nd7 11. Ba6 Ne7 12. O-O O-O 13. Rac1 Nf6 14. Nb5
Ne8 15. Qb4 Nf5 16. Rc6 Ne7 17. Rc3 Nf5 18. Rfc1 Ned6 19. Nxd6 Qxd6 20. Qa4 Qe7
21. Bd3 Nd6 22. Rc7 Qf6 23. Kg2 g6 24. R1c6 Rfc8 25. Rd7 1/2-1/2

[Event "BL 1617 Bayern München - Schachfr. Ber"]
[Site "?"]
[Date "2016.11.20"]
[Round "4.2"]
[White "Fedorovsky, Michael"]
[Black "Piorun, Kacper"]
[Result "1-0"]
[WhiteElo "2493"]
[BlackElo "2660"]
[PlyCount "91"]
[EventDate "2016.??.??"]

1. d4 f5 2. g3 Nf6 3. Bg2 d6 4. Nf3 g6 5. O-O Bg7 6. b3 O-O 7. Bb2 c6 8. c4 a5
9. Qc2 Na6 10. Nbd2 Bd7 11. Rad1 a4 12. Bc3 b5 13. e4 fxe4 14. Nxe4 Nxe4 15.
Qxe4 Nc7 16. Rfe1 Re8 17. h4 axb3 18. axb3 bxc4 19. bxc4 Ra3 20. Bb2 Ra2 21.
Bc1 d5 22. Qd3 Bf5 23. Qb3 Qa8 24. Qb6 Qa7 25. Qxa7 Rxa7 26. Ne5 Ra1 27. Nxc6
dxc4 28. Nxe7+ Kf7 29. Nxf5 Rxe1+ 30. Rxe1 gxf5 31. d5 Nb5 32. Kf1 c3 33. Bh3
c2 34. Ke2 Nc3+ 35. Kd3 Nxd5 36. Bxf5 Nb4+ 37. Kd2 h6 38. Re4 Rb1 39. Rc4 Na2
40. Rxc2 Rxc1 41. Rxa2 Rc5 42. Be4 Bc3+ 43. Kd3 Be1 44. Ra7+ Kf6 45. Ra6+ Kg7
46. Ke2 1-0

[Event "BL 1617 Bayern München - Schachfr. Ber"]
[Site "?"]
[Date "2016.11.20"]
[Round "4.3"]
[White "Vocaturo, Daniele"]
[Black "Dragnev, Valentin"]
[Result "1-0"]
[WhiteElo "2599"]
[BlackElo "2462"]
[PlyCount "77"]
[EventDate "2016.??.??"]

1. e4 e5 2. Nf3 Nc6 3. Bb5 a6 4. Ba4 Nf6 5. O-O Be7 6. Re1 b5 7. Bb3 d6 8. c3
O-O 9. h3 Nb8 10. d4 Nbd7 11. c4 c6 12. Nc3 b4 13. Na4 c5 14. d5 Re8 15. Bc2
Nf8 16. a3 a5 17. b3 Ng6 18. Nb2 Bd7 19. Nd3 h6 20. Ra2 Nh7 21. Be3 Ng5 22. Nd2
Rf8 23. Qe2 Nh4 24. axb4 axb4 25. Rxa8 Qxa8 26. f4 exf4 27. Bxf4 Ng6 28. Bg3 f6
29. Nf1 Qa2 30. e5 f5 31. e6 Be8 32. Nf4 Nxf4 33. Bxf4 Bh5 34. Qd3 Bg6 35. Bb1
Qb2 36. Qg3 Ne4 37. Bxe4 fxe4 38. Bxh6 e3 39. Qxg6 1-0

[Event "BL 1617 Bayern München - Schachfr. Ber"]
[Site "?"]
[Date "2016.11.20"]
[Round "4.4"]
[White "Johansson, Linus"]
[Black "Kraemer, Martin"]
[Result "1/2-1/2"]
[WhiteElo "2407"]
[BlackElo "2571"]
[PlyCount "67"]
[EventDate "2016.??.??"]

1. c4 Nf6 2. Nc3 e5 3. g3 d5 4. cxd5 Nxd5 5. Bg2 Nb6 6. d3 Be7 7. Nf3 Nc6 8.
O-O O-O 9. Be3 Re8 10. Rc1 Bf8 11. Ne4 Nd4 12. Nc5 Bxc5 13. Rxc5 Bg4 14. Bxd4
exd4 15. Qc1 c6 16. Qf4 Bxf3 17. Bxf3 Re6 18. Rfc1 Rf6 19. Qh4 Rd6 20. Qf4 Rf6
21. Qh4 Rd6 22. Qe4 Nd7 23. R5c2 Qg5 24. h4 Qe5 25. Qxe5 Nxe5 26. Bg2 a5 27.
Bh3 g6 28. Rc5 Nd7 29. Bxd7 Rxd7 30. a3 h5 31. Kf1 a4 32. R1c4 Rd6 33. Re5 b6
34. Re7 1/2-1/2

[Event "BL 1617 Bayern München - Schachfr. Ber"]
[Site "?"]
[Date "2016.11.20"]
[Round "4.5"]
[White "Dvirnyy, Daniyyl"]
[Black "Lindgren, Philip"]
[Result "1/2-1/2"]
[WhiteElo "2552"]
[BlackElo "2424"]
[PlyCount "81"]
[EventDate "2016.??.??"]

1. d4 d5 2. c4 c6 3. Nf3 Nf6 4. e3 Bg4 5. Nc3 e6 6. h3 Bh5 7. g4 Bg6 8. Ne5
Nbd7 9. Nxg6 hxg6 10. cxd5 exd5 11. Bd3 Bb4 12. Bd2 Qe7 13. Qb3 Nb6 14. O-O-O
O-O-O 15. f3 Kb8 16. Kb1 g5 17. Rde1 Bd6 18. e4 Bg3 19. Re2 dxe4 20. Bxg5 Rxd4
21. Nxe4 Qd7 22. Bc2 Nxe4 23. Rxe4 f6 24. Bc1 Rxe4 25. Bxe4 g5 26. a4 Nd5 27.
Rd1 Rd8 28. Rd3 Bc7 29. Bd2 Qe6 30. Ka1 a6 31. Be3 Qe7 32. Bf2 Nb4 33. Rxd8+
Bxd8 34. h4 gxh4 35. Bxh4 Qc5 36. Bg3+ Ka7 37. Bf4 Bb6 38. Bd2 a5 39. Bb1 Qf2
40. Bxb4 axb4 41. Qxb4 1/2-1/2